Albums by Letter - Statistics

General Stats
  • This quiz has been taken 55 times
  • The average score is 12 of 26
Answer Stats
# Year Album Artist % Correct
T 1982 Thriller Michael Jackson
98%
H 1976 Hotel California Eagles
90%
B 1980 Back In Black AC/DC
88%
O 2000 Oops!... I Did It Again Britney Spears
85%
L 1984 Like a Virgin Madonna
83%
N 1991 Nevermind Nirvana
83%
S 1967 Sgt. Pepper's Lonely Hearts Club Band The Beatles
81%
R 1977 Rumours Fleetwood Mac
77%
A 1987 Appetite for Destruction Guns N' Roses
71%
W 1975 Wish You Were Here Pink Floyd
65%
D 1994 Dookie Green Day
56%
J 1995 Jagged Little Pill Alanis Morissette
54%
G 1986 Graceland Paul Simon
52%
V 1979 Voulez-Vouz ABBA
48%
Q 1973 Quadrophenia The Who
46%
X 2005 X&Y Coldplay
31%
Z 1993 Zooropa U2
31%
K 1992 Keep the Faith Bon Jovi
21%
C 1997 Come On Over Shania Twain
17%
E 1971 Electric Warrior T. Rex
17%
F 1996 Falling into You Celiné Dion
13%
U 1983 Undercover The Rolling Stones
13%
Y 1996 Yourself or Someone Like You Matchbox 20
8%
M 1993 Music Box Mariah Carey
6%
P 1995 Pieces of You Jewel
4%
I 1988 Introspective Pet Shop Boys
2%
No matching quizzes found
Score Distribution
Percent of People with Each Score
Percentile by Number Answered
Your Score History
You have not taken this quiz